Sleep well with biofeedback

Αποθηκεύτηκε σε:
Λεπτομέρειες βιβλιογραφικής εγγραφής
Κύριος συγγραφέας: Hauri, Peter
Συγγραφή απο Οργανισμό/Αρχή: Thought Technology (Παραγωγός)
Μορφή: Ηχητικό
Γλώσσα:English
Δημοσίευση: Montreal, Quebec : Thought Technology, 1984
Θέματα:
Ετικέτες: Προσθήκη ετικέτας
Δεν υπάρχουν, Καταχωρήστε ετικέτα πρώτοι!

MARC

LEADER 00000nim a2200000 i 4500
001 1/43688
008 070503s1984 cn engod
035 |l 10087667 
040 |a GR-MY-UA  |b fre  |e aacr 
041 0 |a eng 
082 0 |a 616.8498  |2 (22) 
100 1 |a Hauri, Peter. 
245 1 0 |a Sleep well with biofeedback  |h [ηχογράφηση] /  |c written by Peter Hauri ; produced by Thought Technology Ltd 
260 |a Montreal, Quebec :   |b Thought Technology,   |c 1984 
300 |a 2 κασέτες ήχου (π. 120 λεπτ.);  |c αναλογ. στέρεο+  |e ένθετο 
500 |a Υπάρχει ψηφιακό αντίγραφο. Για την χρήση του υλικού απευθυνθείτε στο προσωπικό της βιβλιοθήκης. 
505 0 |a Κασέτα 1: Πλευρά Α: Sleep disorders explained. - Πλευρά Β: How to develop good sleep habits. - Κασέτα 2: Πλευρά Α: Sleep well : sleep induction without music. - Πλευρά Β: Sleep well : sleep induction without music 
650 0 0 |a Sleep disorders. 
650 0 0 |a Biofeedback training. 
710 2 |a Thought Technology.  |4 pro 
852 |a INST  |b RHODES  |e 20070503  |h 616.8498 HAU   |p 005400026635  |q 005400026635  |t BK  |v (Unknown.)???:  |y 0  |z ??? 
852 |a INST  |b RHODES  |c AV  |e 20070503  |h 616.8498 HAU  |p 005400026634  |q 005400026634  |t SC  |y 23  |z Μέρος.2 
852 |a INST  |b RHODES  |c AV  |e 20070503  |h 616.8498 HAU  |p 005400026636  |q 005400026636  |t SC  |y 23  |z Μέρος.1 
852 |a INST  |b RHODES  |c AV  |e 20070503  |h 616.8498 HAU  |p 005400026634  |q 005400026634  |t SC  |v Μ΄ερος.2:  |y 23  |z Μέρος.2 
852 |a INST  |b RHODES  |c AV  |e 20070503  |h 616.8498 HAU  |p 005400026636  |q 005400026636  |t SC  |v Μ΄ερος.1:  |y 23  |z Μέρος.1 
853 |a INST  |b RHODES  |h 616.8498 HAU supplement 
853 |a INST  |b RHODES  |c AV  |h 616.8498 HAU 
901 |a BIBL4-2007-2 
909 |a Ρ  |b 032371 
909 |a Ρ  |b 032372 
909 |a Ρ  |b 032370 
970 |a ΚΟΖΑ  |b ΜΑΡΙΑ  |z 2007/05/03